00338nam a2200121Ia 4500008004000000020001800040082001700058100004000075245003000115260004800145300000800193650001500201210210b1992 xxu||||| |||| 00| 0 eng d a81 85517 02 9 a574.191 PALP aPALANICHAMY (S) & SHUNMUGAVELU (M). aPrinciples of biophysics. aPalanibPalani Paramount Publicationsc1992 a158 aBiophysics